000 00888nam a2200241Ia 4500
003 OSt
005 20220923221646.0
006 a|||||r|||| 00| 0
007 ta
008 220922b |||||||| |||| 00| 0 hin d
024 _a199,111
037 _cTextual
040 _aARTS
_cARTS
_bhin
041 _2hin
_ahin
082 _aP152801:9, 152K4
100 _aगुप्ता, दीनदयाल, संपा.
245 0 _aशेखावाटी बोली का वर्णनात्मक अध्ययन
246 _aShekhāvāṭī bolī kā varṇanātmak adhyayana
260 _aलखनळ
_b विश्वविद्यालय हिन्दी प्रका0
_c1964
300 _a299पृ.
_ccm.
942 _hP152801:9, 152K4
_cTEXL
_2CC
999 _c350890
_d350890